El rol de las tecnologías de la educación y la comunicación en el desarrollo educativo.

Uloženo v:
Podrobná bibliografie
Hlavní autor: Moreno Preciado, Mariana (autor)
Médium: Kniha
Jazyk:španělština
Témata:
On-line přístup:Ver documento en línea
Tagy: Přidat tag
Žádné tagy, Buďte první, kdo vytvoří štítek k tomuto záznamu!

MARC

LEADER 00000nam^a2200000^u^4500
001 000534223
005 20260414000000.0
008 160614s10001000^^^^cr^^r^^^^^000^0^spa^d
009 20260414194930.788
022 |a 01853872 
035 |a FCE 000078471 
037 |a Acervo ITESO - Biblioteca 
041 |a spa 
095 |a DIDAC  |b 66/2015 
100 |a Moreno Preciado, Mariana  |e (autor) 
245 1 0 |a El rol de las tecnologías de la educación y la comunicación en el desarrollo educativo. 
264 |a México :  |b Universidad Iberoamericana,  |c 2015. 
300 |a pp. 10-16 
336 |a texto  |b txt  |2 rdacontenido 
337 |a sin mediación  |b n  |2 rdamedio 
338 |a volumen  |b nc  |2 rdasoporte 
649 |a XX 
650 |a Educación superior 
650 |a Desarrollo educativo 
650 |a TIC 
650 |a México 
740 |g no. 66, jul.-dic. 2015, pp. 10-16  |t Didac, 
856 4 0 |u https://revistas.ibero.mx/didac/uploads/volumenes/20/pdf/Didac_66.pdf  |y Ver documento en línea 
910 |a Fondo Centro de Estudios Educativos 
920 |a Impresos - Libros 
930 |a Fondos Especiales 
905 |a 133 
902 |a https://opac.biblio.iteso.mx/vufind/Record/000534223